Beyond spontaneity: unveiling the organized dynamics of mob violence in Pakistan = Keinerlei Spontaneität: Organisierten Dynamiken von Mobgewalt in Pakistan

This research article attempts to elucidate the recurrent nature of mob violence from 2010-2024, focus-ing on key elements such as preplanning, coordination, organizational control, and leadership. Through a purposive sampling technique, a diverse-case study approach is employed to examine the factu...

Ausführliche Beschreibung

Gespeichert in:  
Bibliographische Detailangaben
1. VerfasserIn: Kakar, Ayesha (Verfasst von)
Medienart: Elektronisch Aufsatz
Sprache:Englisch
Veröffentlicht: 2025
In: Kriminologie - das Online-Journal
Jahr: 2025, Band: 7, Heft: 4, Seiten: 511-533
Online-Zugang: Volltext (Verlag)
Volltext (kostenfrei)
Rechteinformation:CC BY 4.0
Verfügbarkeit prüfen: HBZ Gateway
Schlagwörter:

MARC

LEADER 00000naa a2200000 c 4500
001 1946881406
003 DE-627
005 20251219082054.0
007 cr uuu---uuuuu
008 251219s2025 xx |||||o 00| ||eng c
024 7 |a 10.18716/ojs/krimoj/2025.4.5  |2 doi 
035 |a (DE-627)1946881406 
035 |a (DE-599)KXP1946881406 
040 |a DE-627  |b ger  |c DE-627  |e rda 
041 |a eng 
084 |a 2,1  |2 ssgn 
100 1 |a Kakar, Ayesha  |e VerfasserIn  |4 aut 
245 1 0 |a Beyond spontaneity: unveiling the organized dynamics of mob violence in Pakistan  |b  = Keinerlei Spontaneität: Organisierten Dynamiken von Mobgewalt in Pakistan  |c Ayesha Kakar 
246 3 1 |a Keinerlei Spontaneität: Organisierten Dynamiken von Mobgewalt in Pakistan 
246 3 0 |a organisierte 
264 1 |c 2025 
336 |a Text  |b txt  |2 rdacontent 
337 |a Computermedien  |b c  |2 rdamedia 
338 |a Online-Ressource  |b cr  |2 rdacarrier 
500 |a Veröffentlicht am 18.12.2025 
500 |a Literaturverzeichnis: Seite 525-526 
520 |a This research article attempts to elucidate the recurrent nature of mob violence from 2010-2024, focus-ing on key elements such as preplanning, coordination, organizational control, and leadership. Through a purposive sampling technique, a diverse-case study approach is employed to examine the factual con-texts and emerging patterns of mob violence incidents in Pakistan. The study aims to offer an insight into the nature and circumstances of such occurrences across various regions of Pakistan by examining n=25 sample cases. The findings reveal that mob violence is a more organized and structured form of violence, characterized by societal endorsement, contrary to the historically perceived spontaneous out-bursts. Moreover, the study highlights how different societal factions (religious and political) strategi-cally exploit mob violence to achieve ulterior objectives. The research concludes by emphasizing the need for policy interventions, both administrative and legislative, to effectively curb the occurrence ofmob violence in Pakistan. 
520 |a Dieser Artikel versucht, die wiederkehrende Natur von Mobgewalt im Zeitraum 2010–2024 zu erläutern und konzentriert sich dabei auf Schlüsselelemente wie Planung, Koordination, Organisation und Führung. Durch eine zielgerichtete Fallauswahl werden vielfältige Fallstudien verwendet, um die tatsächlichen Kontexte und entstehenden Muster von Mobgewalt in Pakistan zu untersuchen. Die Studie zielt darauf ab, durch die Untersuchung von n=25 Fällen die Umstände solcher Vorkommnisse in verschiedenen Regionen Pakistans zu verstehen. Die Ergebnisse zeigen, dass Mobgewalt eine eher organisierte und strukturierte Form der Gewalt ist, die gesellschaftlich gebilligt wird; ganz im Gegensatz zur historischen Rahmung als spontane Gewaltausbrüche. Darüber hinaus hebt die Studie hervor, wie verschiedene gesellschaftliche Gruppen (religiöse und politische) Mobgewalt strategisch ausnutzen, um eigene Ziele zu verfolgen. Die Forschung zeigt die Notwendigkeit politischer Interventionen, sowohl administrativer als auch gesetzgeberischer, um das Auftreten von Mobgewalt in Pakistan wirksam einzudämmen. 
540 |q DE-2619  |a Namensnennung 4.0 International  |f CC BY 4.0  |2 cc  |u http://creativecommons.org/licenses/by/4.0/ 
650 0 7 |0 (DE-588)4183472-0  |0 (DE-627)105302465  |0 (DE-576)210018860  |a Strafjustiz  |2 gnd 
650 0 7 |0 (DE-588)4046595-0  |0 (DE-627)106197525  |0 (DE-576)209070196  |a Polizei  |2 gnd 
650 4 |a Criminal Justice 
650 4 |a Organized 
650 4 |a Police 
650 4 |a Political 
650 4 |a Organisiert 
650 4 |a Politisch 
773 0 8 |i Enthalten in  |t Kriminologie - das Online-Journal  |d Köln : Universitätz zu Köln, Institut für Kriminologie, 2019  |g 7(2025), 4, Seite 511-533  |h Online-Ressource  |w (DE-627)1677979240  |w (DE-600)2985724-7  |x 2698-6779  |7 nnas 
773 1 8 |g volume:7  |g year:2025  |g number:4  |g pages:511-533 
856 4 0 |u https://doi.org/10.18716/ojs/krimoj/2025.4.5  |x Resolving-System  |z kostenfrei  |3 Volltext  |7 0 
856 4 0 |u https://www.kriminologie.de/index.php/krimoj/article/view/454/276  |x Verlag  |7 1 
951 |a AR 
ELC |a 1 
LOK |0 000 xxxxxcx a22 zn 4500 
LOK |0 001 4831125776 
LOK |0 003 DE-627 
LOK |0 004 1946881406 
LOK |0 005 20251219080857 
LOK |0 008 251219||||||||||||||||ger||||||| 
LOK |0 040   |a DE-2619  |c DE-627  |d DE-2619 
LOK |0 092   |o n 
LOK |0 852   |a DE-2619 
LOK |0 852 1  |9 00 
LOK |0 939   |a 19-12-25  |b l01 
OAS |a 1 
ORI |a SA-MARC-krimdoka001.raw